MARC

LEADER 00000nam0a2200000 4500
001 369417
005 20231102012200.0
035 |a (RuTPU)RU\TPU\retro\26803 
090 |a 369417 
100 |a 20220520d1979 m y0rusy50 ca 
101 0 |a rus 
102 |a RU 
105 |a y j 001zy 
200 1 |a Введение в проблему охраны природы  |e лекция для студентов 1 курса  |f М. М. Лавров  |g Иркутский политехнический институт 
205 |a 2-е изд., испр. и доп. 
210 |a Иркутск  |c [Б. и.]  |d 1979 
215 |a 69 с. 
320 |a Библиогр.: с. 67 
606 1 |a Природа в целом  |2 stltpush  |3 (RuTPU)RU\TPU\subj\65675  |9 82141 
610 1 |a биосфера 
610 1 |a литосфера 
610 1 |a гидросфера 
610 1 |a атмосфера 
610 1 |a природная среда 
610 1 |a антропическое воздействие 
610 1 |a человек-природа 
610 1 |a динамическое равновесие 
610 1 |a охрана природы 
610 1 |a службы 
610 1 |a лекции 
610 1 |a учебные пособия 
675 |a 502(075.8)  |v 4 
700 1 |a Лавров  |b М. М.  |g Михаил Михайлович 
712 0 2 |a Иркутский политехнический институт  |c (1960-1993)  |2 stltpush  |3 (RuTPU)RU\TPU\col\233  |9 23293 
801 1 |a RU  |b 63413507  |c 20220520 
942 |c BK